ARRUPE JESUIT UNIVERSITY

CORONAVIRUS -STOP THE SPREAD - CLEAN,DISINFECT,COVER

Paul and the dynamics of power : (Record no. 125138)

MARC details
000 -LEADER
fixed length control field 01476cam a22003377a 4500
001 - CONTROL NUMBER
control field 15963992
003 - CONTROL NUMBER IDENTIFIER
control field ARRUPE
005 - DATE AND TIME OF LATEST TRANSACTION
control field 20160824143410.0
008 - FIXED-LENGTH DATA ELEMENTS--GENERAL INFORMATION
fixed length control field 091028r20092007enk b 001 0 eng
010 ## - LIBRARY OF CONGRESS CONTROL NUMBER
LC control number 2009281891
020 ## - INTERNATIONAL STANDARD BOOK NUMBER
International Standard Book Number 9780567614940 (pbk.)
020 ## - INTERNATIONAL STANDARD BOOK NUMBER
International Standard Book Number 0567614948 (pbk.)
040 ## - CATALOGING SOURCE
Original cataloging agency DLC
Transcribing agency DLC
Modifying agency DLC
050 00 - LIBRARY OF CONGRESS CALL NUMBER
Classification number BS2650.52
Item number .E57 2009
082 00 - DEWEY DECIMAL CLASSIFICATION NUMBER
Classification number 225.9/2
Edition number 22
300 ## - PHYSICAL DESCRIPTION
Dimensions 24 cm.
100 1# - MAIN ENTRY--PERSONAL NAME
Personal name Ehrensperger, Kathy,
Dates associated with a name 1956-
9 (RLIN) 25484
245 10 - TITLE STATEMENT
Title Paul and the dynamics of power :
Remainder of title communication and interaction in the early Christ-movement /
Statement of responsibility, etc Kathy Ehrensperger.
260 ## - PUBLICATION, DISTRIBUTION, ETC. (IMPRINT)
Place of publication, distribution, etc London ;
-- New York :
Name of publisher, distributor, etc T & T Clark,
Date of publication, distribution, etc c2009.
300 ## - PHYSICAL DESCRIPTION
Extent xiv, 235 p. ;
440 #0 - SERIES STATEMENT/ADDED ENTRY--TITLE
Title Library of New Testament studies ;
Volume number/sequential designation 325
9 (RLIN) 25485
500 ## - GENERAL NOTE
General note Originally published in 2007 as v. 325 of the Library of New Testament studies.
504 ## - BIBLIOGRAPHY, ETC. NOTE
Bibliography, etc Includes bibliographical references (p. [201]-225) and indexes.
600 00 - SUBJECT ADDED ENTRY--PERSONAL NAME
Personal name Paul,
Titles and other words associated with a name the Apostle, Saint.
9 (RLIN) 25486
630 00 - SUBJECT ADDED ENTRY--UNIFORM TITLE
Uniform title Bible.
Name of part/section of a work Epistles of Paul
General subdivision Criticism, interpretation, etc.
9 (RLIN) 25487
650 #0 - SUBJECT ADDED ENTRY--TOPICAL TERM
Topical term or geographic name as entry element Power (Christian theology)
9 (RLIN) 25488
650 #0 - SUBJECT ADDED ENTRY--TOPICAL TERM
Topical term or geographic name as entry element Christianity and politics
General subdivision History.
9 (RLIN) 25489
650 #0 - SUBJECT ADDED ENTRY--TOPICAL TERM
Topical term or geographic name as entry element Church history
Chronological subdivision Primitive and early church, ca. 30-600.
9 (RLIN) 25490
906 ## - LOCAL DATA ELEMENT F, LDF (RLIN)
a 7
b cbc
c origres
d 2
e ncip
f 20
g y-gencatlg
942 ## - ADDED ENTRY ELEMENTS (KOHA)
Source of classification or shelving scheme Library of Congress Classification
Koha item type Monograph ( Printed materials)
Holdings
Withdrawn status Lost status Source of classification or shelving scheme Damaged status Not for loan Collection code Home library Current library Shelving location Date acquired Total Checkouts Full call number Barcode Date last seen Price effective from Koha item type
    Library of Congress Classification     Main Collection ARRUPE LIBRARY ARRUPE LIBRARY Main Collection 24/08/2016   BS2650.52E57 2009 46500009834 24/08/2016 24/08/2016 Monograph ( Printed materials)

 

Arrupe Library. PO Box MP320 Mt Pleasant, Harare, Zimbabwe
263 242 745411|librarian@aju.ac.zw